Sports Quiz

Random Sports or Clickable Quiz

PGA Tour Winners 2012 2.0 Quiz Stats

 Plays Quiz not verified by Sporcle

Challenge
Share
Tweet
Embed
Score 0/29 Timer 10:00
0 Plays Today
Tournament Player % Correct
The MastersBubba Watson
100%
Arnold Palmer InvitationalTiger Woods
94.9%
Memorial TournamentTiger Woods
92.3%
Open ChampionshipErnie Els
92.3%
U.S. OpenWebb Simpson
89.7%
AT&T NationalTiger Woods
89.7%
WGC- Accenture Match PlayHunter Mahan
82.1%
The Players ChampionshipMatt Kuchar
79.5%
AT&T Pro-AmPhil Mickelson
74.4%
John Deere ClassicZach Johnson
74.4%
Crowne Plaza InvitationalZach Johnson
69.2%
HP Byron Nelson ChampionshipJason Dufner
66.7%
Hyundai Tournament of ChampionsSteve Stricker
64.1%
Waste Management OpenKyle Stanley
64.1%
Wells Fargo ChampionshipRickie Fowler
64.1%
Tournament Player % Correct
Honda ClassicRory McIlroy
61.5%
Zurich Classic of New OrleansJason Dufner
61.5%
Farmers Insurance OpenBrandt Snedeker
59%
WGC- Cadillac ChampionshipJustin Rose
56.4%
Shell Houston OpenHunter Mahan
56.4%
Valero Texas OpenBen Curtis
51.3%
FedEx St. Jude ClassicDustin Johnson
51.3%
The Greenbrier ClassicTed Potter
51.3%
Sony OpenJohnson Wagner
48.7%
Transitions ChampionshipLuke Donald
48.7%
RBC HeritageCarl Pettersson
48.7%
Humana ChallengeMark Wilson
46.2%
Northern Trust OpenBill Haas
46.2%
Travelers ChampionshipMarc Leishman
30.8%

You're not logged in!

Compare scores with friends on all Sporcle quizzes.
OR
Log In

You Might Also Like...

Show Comments

Extras

Created Jul 23, 2012ReportNominate
Tags:Clickable Quiz, 2012, tour, winner

Top Quizzes Today


Score Distribution

Your Account Isn't Verified!

In order to create a playlist on Sporcle, you need to verify the email address you used during registration. Go to your Sporcle Settings to finish the process.

Report this User

Report this user for behavior that violates our Community Guidelines.

Details: